Statistics for U.S. Presidential Last Names as Baby Names

Click here to take the quiz!

General Stats

  • This quiz has been taken 25,531 times
  • The average score is 5 of 10

Answer Stats

#% MaleName% Correct
24,75197.8Lincoln
74%
29,32092.0Carter
68%
13,3913.4Kennedy
67%
8,9056.6Reagan
58%
33,86399.8Jackson
52%
22,9850.5Madison
45%
7,66523.8Taylor
36%
10,11094.6Tyler
35%
12,37899.7Harrison
32%
10,318100Arthur
22%

Score Distribution

Percentile by Number Answered

Percent of People with Each Score

Your Score History

You have not taken this quiz